书目信息 |
| 题名: |
速记基础知识
|
|
| 作者: | 唐亚伟 主编 ;刘坤如 , 范立荣 , 韩珠璇 编辑 | |
| 分册: | ||
| 出版信息: | 北京 中国广播电视出版社 1986.03 |
|
| 页数: | 112页 | |
| 开本: | 19cm | |
| 丛书名: | ||
| 单 册: | ||
| 中图分类: | H126.1 | |
| 科图分类: | ||
| 主题词: | 汉字--文字学 | |
| 电子资源: | ||
| ISBN: | ||
| 000 | 00732nam0 2200241 45 | |
| 001 | 0311180800 | |
| 005 | 20031219104121.8 | |
| 010 | @dCNY0.70 | |
| 100 | @a20031118d1986 km y0chiy0120 ea | |
| 101 | 0 | @achi |
| 105 | @aa z 000yy | |
| 200 | 1 | @a速记基础知识@ASu Ji Ji Chu Zhi Shi@f唐亚伟主编@FTang Ya Wei Zhu Bian@g刘坤如,范立荣,韩珠璇编辑 |
| 210 | @a北京@c中国广播电视出版社@d1986.03 | |
| 215 | @a112页@c图表@d19cm | |
| 300 | @a中央电视台电视教育节目用书 | |
| 606 | 0 | @a汉字@x文字学 |
| 690 | @aH126.1@v3 | |
| 701 | 0 | @a唐亚伟@4主编 |
| 702 | 0 | @a刘坤如@ALiu Kun Ru@4编辑 |
| 702 | 0 | @a范立荣@AFan Li Rong@4编辑 |
| 702 | 0 | @a韩珠璇@AHan Zhu Xuan@4编辑 |
| 801 | @aCN@bTSTC@c20031118 | |
| 905 | @f5@b163719-723@dH126.1@e17 | |
| 速记基础知识/唐亚伟主编/刘坤如,范立荣,韩珠璇编辑.-北京:中国广播电视出版社,1986.03 |
| 112页:图表;19cm |
| 中央电视台电视教育节目用书 |
| ISBN :CNY0.70 |
| ● |
| 相关链接 |
|
|
|
|
正题名:速记基础知识
索取号:H126.1/17
 
预约/预借
| 序号 | 登录号 | 条形码 | 馆藏地/架位号 | 状态 | 备注 |
| 1 | 0163719 | 001525736 | 密集书库/ [索取号:H126.1/17] | 在馆 | |
| 2 | 0163720 | 001525745 | 密集书库/ [索取号:H126.1/17] | 在馆 | |
| 3 | 0163721 | 001525754 | 密集书库/ [索取号:H126.1/17] | 在馆 | |
| 4 | 0163722 | 001525763 | 密集书库/ [索取号:H126.1/17] | 在馆 | |
| 5 | 0163723 | 001525807 | 密集书库/ [索取号:H126.1/17] | 在馆 |